Biotechnology industry in Japan 1986

محفوظ في:
التفاصيل البيبلوغرافية
التنسيق: كتاب
اللغة:Undetermined
منشور في: Tokyo Yano Research Institute Ltd. 1985
الموضوعات:
الوسوم: إضافة وسم
لا توجد وسوم, كن أول من يضع وسما على هذه التسجيلة!
Thư viện lưu trữ: Trung tâm Học liệu Trường Đại học Cần Thơ
LEADER 00432nam a2200157Ia 4500
001 CTU_95185
008 210402s9999 xx 000 0 und d
082 |a 620.82 
082 |b B616 
245 0 |a Biotechnology industry in Japan 1986 
260 |a Tokyo 
260 |b Yano Research Institute Ltd. 
260 |c 1985 
650 |a Biotechnology industries 
904 |i Năm 
980 |a Trung tâm Học liệu Trường Đại học Cần Thơ